[Event "XXX Memorial Edoardo Crespi A"]
[Site "Milano ITA"]
[Date "2009.12.10"]
[Round "7"]
[White "Salvador, Roland"]
[Black "Facchetti, Gianni"]
[Result "1-0"]
[WhiteElo "2491"]
[BlackElo "2162"]
[PlyCount "61"]
[EventDate "2009.12.05"]

1. d4 Nf6 2. Nf3 d6 3. Nc3 d5 4. g3 e6 5. Bg2 c6 6. O-O Be7 7. Re1 Nbd7 8. e4
dxe4 9. Nxe4 Nxe4 10. Rxe4 Nf6 11. Re2 O-O 12. c3 h6 13. Be3 Nd5 14. Bd2 Bf6
15. c4 Ne7 16. Bb4 Re8 17. Rd2 Qc7 18. Rc1 a5 19. Ba3 Qb8 20. Ne5 Ra6 21. Ng4
Bg5 22. f4 h5 23. Ne5 Bf6 24. Qxh5 Bxe5 25. fxe5 Nf5 26. g4 g6 27. Qg5 Ng7 28.
Be4 Qa7 29. h4 Qb6 30. Rf1 Qd8 31. Rf6 1-0

[Event "XXX Memorial Edoardo Crespi A"]
[Site "Milano ITA"]
[Date "2009.12.10"]
[Round "7"]
[White "Stromboli, Carlo"]
[Black "Bove, Alessandro"]
[Result "1/2-1/2"]
[WhiteElo "2272"]
[BlackElo "2337"]
[PlyCount "82"]
[EventDate "2009.12.05"]

1. e4 c5 2. Nf3 Nc6 3. d4 cxd4 4. Nxd4 Nf6 5. Nc3 d6 6. Bg5 e6 7. Qd2 a6 8.
O-O-O Bd7 9. f4 h6 10. Bh4 g5 11. fxg5 Ng4 12. Be2 Nge5 13. Nf3 Be7 14. Rhg1 b5
15. Rdf1 b4 16. Nd1 hxg5 17. Bxg5 Bxg5 18. Nxg5 Qa5 19. Kb1 b3 20. Qxa5 bxc2+
21. Kxc2 Nxa5 22. h3 Bb5 23. Bxb5+ axb5 24. Nf3 Nac4 25. Nxe5 dxe5 26. b3 Nd6
27. Kd3 Rh4 28. Nf2 f5 29. g3 fxe4+ 30. Kc3 Rh7 31. Re1 Rc7+ 32. Kb4 Nf5 33.
Nxe4 Nd4 34. Rc1 Nc2+ 35. Rxc2 Rxc2 36. Nc3 Ke7 37. Re1 Rh8 38. Rxe5 Rxh3 39.
Re3 Rg2 40. Ne2 Rhh2 41. Nf4 Rb2 1/2-1/2

[Event "XXX Memorial Edoardo Crespi A"]
[Site "Milano ITA"]
[Date "2009.12.10"]
[Round "7"]
[White "Stromboli, Ettore"]
[Black "Bertazzo, Giorgio"]
[Result "1-0"]
[WhiteElo "2260"]
[BlackElo "2087"]
[PlyCount "49"]
[EventDate "2009.12.05"]

1. e4 e5 2. Nf3 Nf6 3. Nxe5 d6 4. Nf3 Nxe4 5. d4 d5 6. Bd3 Nc6 7. O-O Be7 8. c4
Nb4 9. cxd5 Nxd3 10. Qxd3 Qxd5 11. Re1 Bf5 12. g4 Bg6 13. Nc3 Nxc3 14. Qxc3 Qd6
15. Bg5 f6 16. Bh4 O-O 17. Bg3 Qb4 18. Qxc7 Bd8 19. Qd7 Qxb2 20. Bd6 Ba5 21.
Bxf8 Bf7 22. Rab1 Qc3 23. Rxb7 Rxf8 24. Re8 Qa3 25. Qxf7+ 1-0

[Event "XXX Memorial Edoardo Crespi A"]
[Site "Milano ITA"]
[Date "2009.12.10"]
[Round "7"]
[White "Sullolari, Saip"]
[Black "Calella, Sergio"]
[Result "1/2-1/2"]
[WhiteElo "2106"]
[BlackElo "2080"]
[PlyCount "61"]
[EventDate "2009.12.05"]

1. e4 c5 2. Nf3 d6 3. d4 cxd4 4. Nxd4 Nf6 5. Nc3 g6 6. f3 Bg7 7. Be3 O-O 8. Qd2
Nc6 9. Be2 d5 10. Nxc6 bxc6 11. Rd1 Bb7 12. exd5 cxd5 13. Bd4 Re8 14. f4 a6 15.
O-O Qa5 16. Ne4 Qxd2 17. Nxf6+ Bxf6 18. Rxd2 Bxd4+ 19. Rxd4 Rec8 20. c3 e6 21.
Rb4 Bc6 22. Rf2 a5 23. Rb6 Rab8 24. Rxb8 Rxb8 25. Bd3 Kf8 26. Kf1 Ke7 27. Ke1
f6 28. Kd1 e5 29. fxe5 fxe5 30. Kc1 Ke6 31. h4 1/2-1/2

[Event "XXX Memorial Edoardo Crespi A"]
[Site "Milano ITA"]
[Date "2009.12.10"]
[Round "7"]
[White "Sumets, Andrey"]
[Black "Skembris, Spyridon"]
[Result "1/2-1/2"]
[WhiteElo "2621"]
[BlackElo "2475"]
[PlyCount "55"]
[EventDate "2009.12.05"]

1. d4 d5 2. c4 c6 3. Nf3 Nf6 4. Nc3 g6 5. cxd5 cxd5 6. Bf4 Nc6 7. e3 Bg7 8. h3
O-O 9. Bd3 a6 10. Ne5 Nxe5 11. Bxe5 b5 12. Qb3 Be6 13. a4 Ne4 14. Bxg7 Kxg7 15.
Bxe4 dxe4 16. d5 Bd7 17. O-O bxa4 18. Nxa4 Bxa4 19. Rxa4 f5 20. Rc1 Rf6 21. Rb4
Rc8 22. Rxc8 Qxc8 23. Rb7 Qc1+ 24. Kh2 Qc5 25. Rd7 Rb6 26. Qc3+ Qxc3 27. bxc3
Kf6 28. c4 1/2-1/2

[Event "XXX Memorial Edoardo Crespi A"]
[Site "Milano ITA"]
[Date "2009.12.10"]
[Round "7"]
[White "Tramalloni, Luca"]
[Black "Vinzoni, Andrea"]
[Result "0-1"]
[WhiteElo "2143"]
[BlackElo "2082"]
[PlyCount "103"]
[EventDate "2009.12.05"]

1. d4 d5 2. c4 e6 3. Nf3 Nf6 4. g3 Be7 5. Bg2 O-O 6. Nc3 Nbd7 7. Ne5 c6 8. e4
Nxe5 9. dxe5 Nd7 10. exd5 exd5 11. cxd5 Nxe5 12. O-O Bg4 13. Qa4 Bd7 14. Qb3
Qb6 15. Qxb6 axb6 16. Re1 Bd6 17. Bf4 f6 18. h4 Bc5 19. Ne4 Bb4 20. Bd2 Nd3 21.
Re3 Bxd2 22. Nxd2 Nb4 23. Re7 Rf7 24. Rxf7 Kxf7 25. dxc6 Bxc6 26. Nc4 b5 27.
Nd6+ Ke6 28. Nxb7 Bxg2 29. Kxg2 Rxa2 30. Rxa2 Nxa2 31. Kf3 Kd5 32. Ke3 Nb4 33.
Na5 Nc2+ 34. Kd3 Nd4 35. b4 f5 36. Kc3 Ke4 37. Nb7 Ne2+ 38. Kd2 Kf3 39. Ke1 Nd4
40. Kf1 g6 41. Nd6 f4 42. Nf7 fxg3 43. Ng5+ Kg4 44. fxg3 Kxg3 45. Nxh7 Kxh4 46.
Kg2 Kg4 47. Nf6+ Kf5 48. Nd5 Ke5 49. Nc3 Kf4 50. Nd5+ Ke4 51. Ne7 g5 52. Kg3
0-1

[Event "XXX Memorial Edoardo Crespi A"]
[Site "Milano ITA"]
[Date "2009.12.10"]
[Round "7"]
[White "Vezzosi, Paolo"]
[Black "Sgnaolin, Davide"]
[Result "1-0"]
[WhiteElo "2363"]
[BlackElo "2213"]
[PlyCount "65"]
[EventDate "2009.12.05"]

1. d4 Nf6 2. c4 c5 3. d5 b5 4. cxb5 a6 5. bxa6 g6 6. Nc3 Bxa6 7. Nf3 d6 8. Nd2
Bg7 9. e4 Bxf1 10. Nxf1 Qa5 11. Bd2 Nbd7 12. Ne3 O-O 13. O-O Rfb8 14. Qc2 Qb4
15. b3 Ne8 16. Na4 Qb5 17. Bc3 Ne5 18. Rab1 Qd3 19. Qxd3 Nxd3 20. Bxg7 Kxg7 21.
Rbd1 Nb4 22. Rd2 Nf6 23. f3 Nd7 24. Nc4 Na6 25. Re1 f6 26. f4 Nc7 27. e5 dxe5
28. fxe5 fxe5 29. Nxe5 Nxe5 30. Rxe5 Kf6 31. Re4 Rb4 32. Rf2+ Kg5 33. Nxc5 1-0

[Event "XXX Memorial Edoardo Crespi A"]
[Site "Milano ITA"]
[Date "2009.12.11"]
[Round "8"]
[White "Abasov, Nijat Azad Oglu"]
[Black "Sumets, Andrey"]
[Result "1/2-1/2"]
[WhiteElo "2510"]
[BlackElo "2621"]
[PlyCount "41"]
[EventDate "2009.12.05"]

1. e4 e6 2. d4 d5 3. Nd2 c5 4. exd5 Qxd5 5. Ngf3 cxd4 6. Bc4 Qd8 7. O-O Nc6 8.
Nb3 a6 9. a4 Nf6 10. Nbxd4 Nxd4 11. Qxd4 Qxd4 12. Nxd4 Bd7 13. Re1 Rc8 14. Bb3
Bc5 15. c3 Bxd4 16. cxd4 Bc6 17. Bg5 O-O 18. Rac1 Bd5 19. Bxf6 Bxb3 20. Be7
Rfe8 21. a5 1/2-1/2

[Event "XXX Memorial Edoardo Crespi A"]
[Site "Milano ITA"]
[Date "2009.12.11"]
[Round "8"]
[White "Agrifoglio, Fabio"]
[Black "Pienabarca, Nicola"]
[Result "0-1"]
[WhiteElo "2017"]
[BlackElo "2071"]
[PlyCount "64"]
[EventDate "2009.12.05"]

1. d4 Nf6 2. c4 g6 3. Nc3 d5 4. cxd5 Nxd5 5. Bd2 Nb6 6. e3 Bg7 7. Nf3 O-O 8.
Be2 Nc6 9. O-O e5 10. dxe5 Nxe5 11. Nxe5 Bxe5 12. Bf3 Nc4 13. Bc1 c6 14. Qc2
Be6 15. b3 Qh4 16. g3 Qf6 17. bxc4 Bxc3 18. Kg2 Bxa1 19. Ba3 Rfd8 20. Rxa1 Qxa1
21. Bb2 Bh3+ 22. Kxh3 Qf1+ 23. Bg2 Qd1 24. Qxd1 Rxd1 25. Bd4 Rd2 26. a3 Rxf2
27. g4 Ra2 28. Bc5 Rd8 29. Bxa7 Rdd2 30. Bf3 Rxh2+ 31. Kg3 Rhc2 32. c5 Rxa3 0-1

[Event "XXX Memorial Edoardo Crespi A"]
[Site "Milano ITA"]
[Date "2009.12.11"]
[Round "8"]
[White "Astengo, Corrado"]
[Black "Salmoiraghi, Angelo"]
[Result "1-0"]
[WhiteElo "2110"]
[BlackElo "2150"]
[PlyCount "75"]
[EventDate "2009.12.05"]

1. e4 e5 2. Nf3 Nc6 3. Bc4 Nf6 4. d4 exd4 5. e5 d5 6. Bb5 Ne4 7. Nxd4 Bd7 8.
Bxc6 bxc6 9. O-O Bc5 10. Be3 O-O 11. f3 Ng5 12. f4 Ne4 13. Nd2 Nxd2 14. Qxd2
Bb6 15. Nb3 Qe7 16. Qf2 Rfe8 17. Bc5 Qe6 18. a4 Rab8 19. a5 Bxc5 20. Nxc5 Qe7
21. c3 Bf5 22. b4 Red8 23. Qd4 Qh4 24. Rae1 h6 25. Re3 Re8 26. Rg3 g6 27. Re1
Kh7 28. Nb3 Ra8 29. Qf2 Qd8 30. Qc5 Qh4 31. Rf1 Qe7 32. Qxc6 Be4 33. Nc5 Bf5
34. Qxd5 Rad8 35. Qc6 Rd2 36. Ne4 Bxe4 37. Qxe4 f5 38. Qe3 1-0

[Event "XXX Memorial Edoardo Crespi A"]
[Site "Milano ITA"]
[Date "2009.12.11"]
[Round "8"]
[White "Astengo, Marcello"]
[Black "Ranfagni, Stefano"]
[Result "1-0"]
[WhiteElo "2147"]
[BlackElo "2014"]
[PlyCount "81"]
[EventDate "2009.12.05"]

1. d4 e6 2. c4 f5 3. Nc3 Nf6 4. e3 Be7 5. Bd3 O-O 6. Nge2 d5 7. O-O c6 8. Qc2
Qe8 9. f3 Bd6 10. Bd2 Na6 11. a3 Nc7 12. e4 dxe4 13. fxe4 Bxh2+ 14. Kxh2 Qh5+
15. Kg1 Ng4 16. Bf4 g5 17. Bxc7 f4 18. Rf3 Qh2+ 19. Kf1 Qh1+ 20. Ng1 Ne3+ 21.
Ke2 Nxc2 22. Bxc2 Qxg2+ 23. Rf2 Qg4+ 24. Nf3 Qh5 25. Rg1 h6 26. e5 Kg7 27. Rh2
Qxh2+ 28. Nxh2 Bd7 29. Ne4 Be8 30. Bd6 Bh5+ 31. Nf3 Rf7 32. Nf6 Bxf3+ 33. Kxf3
b5 34. cxb5 cxb5 35. Bb3 Rxf6 36. exf6+ Kxf6 37. Be5+ Kg6 38. Bxe6 h5 39. Bxf4
g4+ 40. Ke4 Kf6 41. d5 1-0

[Event "XXX Memorial Edoardo Crespi A"]
[Site "Milano ITA"]
[Date "2009.12.11"]
[Round "8"]
[White "Barberi, Alessandro"]
[Black "Gamboa, Miguel"]
[Result "1-0"]
[WhiteElo "2098"]
[BlackElo "2175"]
[PlyCount "79"]
[EventDate "2009.12.05"]

1. d4 Nf6 2. Nf3 g6 3. c4 Bg7 4. g3 O-O 5. Bg2 d6 6. O-O Nc6 7. Nc3 a6 8. e4
Bg4 9. Be3 e5 10. d5 Nd4 11. h3 Nxf3+ 12. Bxf3 Bxh3 13. Bg2 Qd7 14. f3 Nh5 15.
g4 Bxg2 16. Kxg2 Nf4+ 17. Bxf4 exf4 18. Ne2 Qe7 19. Qd2 Be5 20. Rh1 f5 21. gxf5
gxf5 22. Rag1 fxe4 23. Kf1+ Kh8 24. fxe4 Qf6 25. b3 Rg8 26. Rh3 Raf8 27. Rgh1
Rf7 28. Ng1 Rg3 29. Nf3 Qg6 30. Qe2 Rg7 31. Rxg3 Qxg3 32. Qf2 Qg6 33. Qe2 Qg3
34. Qf2 Qg6 35. Qe2 b6 36. b4 Qf6 37. Rh5 Bd4 38. Rf5 Qe7 39. Nxd4 Rg3 40. Ne6
1-0

[Event "XXX Memorial Edoardo Crespi A"]
[Site "Milano ITA"]
[Date "2009.12.11"]
[Round "8"]
[White "Bertazzo, Giorgio"]
[Black "Bonazzi, Edoardo"]
[Result "1/2-1/2"]
[WhiteElo "2087"]
[BlackElo "2193"]
[PlyCount "67"]
[EventDate "2009.12.05"]

1. e4 c6 2. c4 d5 3. exd5 cxd5 4. cxd5 Nf6 5. Nc3 Nxd5 6. Nf3 Nc6 7. Bc4 e6 8.
O-O Be7 9. d4 O-O 10. Re1 a6 11. Bb3 Nxc3 12. bxc3 b5 13. Bc2 Bf6 14. h4 b4 15.
Qd3 g6 16. Bh6 Re8 17. d5 exd5 18. Qxd5 Bd7 19. Bb3 Rxe1+ 20. Rxe1 Be8 21. cxb4
Nxb4 22. Qc4 a5 23. Bg5 Bxg5 24. Nxg5 Ra7 25. a3 Nc6 26. Qf4 Re7 27. Rd1 Rd7
28. Rxd7 Qxd7 29. Ne4 Qe7 30. Nd6 Ne5 31. Qd4 Bd7 32. Ba2 Nc6 33. Qf4 Be6 34.
Bxe6 1/2-1/2

[Event "XXX Memorial Edoardo Crespi A"]
[Site "Milano ITA"]
[Date "2009.12.11"]
[Round "8"]
[White "Bonanno, Alessandro"]
[Black "Robertsen, Thomas"]
[Result "1/2-1/2"]
[WhiteElo "2135"]
[BlackElo "2273"]
[PlyCount "69"]
[EventDate "2009.12.05"]

1. e4 e5 2. Nf3 Nc6 3. Nc3 Nf6 4. a3 d5 5. Bb5 Bc5 6. exd5 Nxd5 7. Nxe5 O-O 8.
Bxc6 bxc6 9. O-O Qh4 10. Nf3 Qh5 11. Ne4 Be7 12. d4 Qg6 13. Re1 Bf5 14. Ne5 Qe6
15. Ng3 Rfe8 16. Nxf5 Qxf5 17. c4 Nf6 18. Qf3 Qc2 19. Qd3 Qa4 20. b3 Qa6 21.
Qf3 c5 22. d5 Qa5 23. Bb2 Bd6 24. Bc3 Qb6 25. b4 cxb4 26. axb4 Bxb4 27. Reb1 a5
28. Nd3 Bxc3 29. Rxb6 cxb6 30. Rc1 Bd4 31. g3 a4 32. Nb4 Ne4 33. Kg2 Bc5 34.
Re1 Bd4 35. Rc1 1/2-1/2

[Event "XXX Memorial Edoardo Crespi A"]
[Site "Milano ITA"]
[Date "2009.12.11"]
[Round "8"]
[White "Bozzali, Ermanno"]
[Black "Iudicello, Giovanni"]
[Result "1-0"]
[WhiteElo "2124"]
[BlackElo "2179"]
[PlyCount "163"]
[EventDate "2009.12.05"]

1. d4 Nf6 2. Nf3 g6 3. c4 Bg7 4. Nc3 d6 5. e4 O-O 6. Be2 e5 7. O-O Nc6 8. d5
Ne7 9. b4 Nh5 10. Re1 Nf4 11. Bf1 Bg4 12. h3 Bxf3 13. Qxf3 f5 14. Qd1 fxe4 15.
Nxe4 h6 16. a4 Nh5 17. Ra3 Nf6 18. Rg3 Qe8 19. a5 Nf5 20. Ra3 Qf7 21. Ra2 a6
22. Qd3 Rae8 23. Be3 Nxe4 24. Qxe4 Nxe3 25. fxe3 Qf5 26. Bd3 Qxe4 27. Bxe4 Rf6
28. b5 Ra8 29. Rb1 h5 30. c5 Bh6 31. Ra3 axb5 32. c6 bxc6 33. a6 Bxe3+ 34. Rxe3
Rxa6 35. dxc6 Kg7 36. Rxb5 h4 37. Re1 Rf7 38. Rb7 Ra5 39. Rf1 Re7 40. Rd1 Rc5
41. Rxd6 cxd6 42. Rxe7+ Kf6 43. Rd7 Ke6 44. Rb7 d5 45. Bxg6 Rxc6 46. Rb4 e4 47.
Bxe4 Rc1+ 48. Kh2 dxe4 49. Rxe4+ Kf5 50. Rxh4 Kg5 51. Rg4+ Kh5 52. Rd4 Rc3 53.
Kg1 Rc2 54. Rf4 Kg5 55. Rf2 Rc1+ 56. Kh2 Rc3 57. Rf3 Rc2 58. Kg3 Rc4 59. Rd3
Rc5 60. h4+ Kh5 61. Kh3 Kg6 62. g4 Kf6 63. Kg3 Ra5 64. Rb3 Rc5 65. Rb4 Rc1 66.
Rf4+ Kg6 67. h5+ Kg5 68. Rf5+ Kh6 69. Rf6+ Kg7 70. Rd6 Rc5 71. Kf4 Rc4+ 72. Kf5
Rc5+ 73. Kf4 Rc1 74. Rg6+ Kh7 75. Rf6 Kg7 76. Kg5 Rc5+ 77. Rf5 Rc7 78. h6+ Kh7
79. Kh5 Rc6 80. g5 Kg8 81. g6 Rc8 82. h7+ 1-0

[Event "XXX Memorial Edoardo Crespi A"]
[Site "Milano ITA"]
[Date "2009.12.11"]
[Round "8"]
[White "Brunello, Marina"]
[Black "Damia, Angelo"]
[Result "1/2-1/2"]
[WhiteElo "2158"]
[BlackElo "2338"]
[PlyCount "65"]
[EventDate "2009.12.05"]

1. e4 Nf6 2. e5 Nd5 3. d4 d6 4. Nf3 g6 5. c4 Nb6 6. exd6 cxd6 7. Nc3 Bg7 8. h3
O-O 9. Be2 Nc6 10. Be3 d5 11. c5 Nc4 12. Bxc4 dxc4 13. O-O Bf5 14. b3 Bd3 15.
bxc4 Bxf1 16. Kxf1 Qa5 17. Ne2 Rad8 18. Qb3 Rd7 19. Rb1 Qa6 20. Qc2 e5 21. d5
Nd4 22. Bxd4 exd4 23. Ne1 Re8 24. Nd3 Rde7 25. Nef4 g5 26. d6 gxf4 27. dxe7
Rxe7 28. Nxf4 Rc7 29. Nd3 Bf8 30. Qd2 Qxc4 31. Qg5+ Bg7 32. Qd8+ Bf8 33. Qg5+
1/2-1/2

[Event "XXX Memorial Edoardo Crespi A"]
[Site "Milano ITA"]
[Date "2009.12.11"]
[Round "8"]
[White "Brunello, Roberta"]
[Black "Tonel, Giulia"]
[Result "0-1"]
[WhiteElo "2016"]
[BlackElo "1967"]
[PlyCount "100"]
[EventDate "2009.12.05"]

1. e4 c5 2. Nf3 Nc6 3. d4 cxd4 4. Nxd4 e5 5. Nb5 d6 6. c4 Be6 7. N1c3 a6 8. Na3
Be7 9. Nc2 Bg5 10. Be2 Bxc1 11. Rxc1 Nge7 12. O-O O-O 13. Qd2 Qd7 14. Rfd1 Rad8
15. f4 exf4 16. Qxf4 Ne5 17. Ne3 Qc7 18. Kh1 Rd7 19. Nf5 Rc8 20. b3 Rcd8 21.
Nxe7+ Rxe7 22. Nd5 Bxd5 23. Rxd5 Ng6 24. Qg4 Rde8 25. Bf3 h6 26. Rcd1 Re6 27.
Qg3 Ne5 28. Qe1 b6 29. Qb4 Rd8 30. c5 bxc5 31. Qa4 a5 32. Qb5 Nc6 33. Qc4 Rde8
34. Qc3 Nb4 35. R5d2 d5 36. a3 dxe4 37. Bg4 Nd3 38. Bxe6 Rxe6 39. Re2 Qd8 40.
Rdd2 Qd4 41. Qc2 Qa1+ 42. Qd1 Qxa3 43. Kg1 Qb4 44. h3 Qd4+ 45. Kh1 Rg6 46. Qg1
f5 47. Qxd4 cxd4 48. Rxd3 exd3 49. Re8+ Kf7 50. Rd8 Ke7 0-1

[Event "XXX Memorial Edoardo Crespi A"]
[Site "Milano ITA"]
[Date "2009.12.11"]
[Round "8"]
[White "Calella, Sergio"]
[Black "Cazzaniga, Walter"]
[Result "1/2-1/2"]
[WhiteElo "2080"]
[BlackElo "2139"]
[PlyCount "51"]
[EventDate "2009.12.05"]

1. e4 e6 2. d4 d5 3. Nc3 Bb4 4. e5 c5 5. a3 Bxc3+ 6. bxc3 Qa5 7. Bd2 Qa4 8. Qg4
g6 9. Ra2 Nc6 10. Nf3 Bd7 11. Bd3 O-O-O 12. h4 h6 13. Qf4 c4 14. Be2 Rf8 15.
Nh2 f5 16. exf6 Nxf6 17. Qe3 Ne4 18. Bf3 Nd6 19. Ng4 Nf5 20. Qe2 Qb5 21. Ra1
Qb6 22. Ne5 Nxe5 23. Qxe5 Qc7 24. Bf4 Qxe5+ 25. Bxe5 Rh7 26. Rb1 1/2-1/2

[Event "XXX Memorial Edoardo Crespi A"]
[Site "Milano ITA"]
[Date "2009.12.11"]
[Round "8"]
[White "Codenotti, Marco"]
[Black "Stromboli, Carlo"]
[Result "1-0"]
[WhiteElo "2118"]
[BlackElo "2272"]
[PlyCount "91"]
[EventDate "2009.12.05"]

1. e4 e5 2. Nf3 d6 3. d4 exd4 4. Nxd4 Nf6 5. Nc3 a6 6. a4 Be7 7. Bc4 O-O 8. O-O
Nxe4 9. Nxe4 d5 10. Bd3 dxe4 11. Bxe4 Bf6 12. c3 Re8 13. Qf3 c6 14. Nf5 Bxf5
15. Bxf5 Qd5 16. Qxd5 cxd5 17. Be3 Nc6 18. Rfd1 Ne7 19. Bg4 Red8 20. Bb6 Rd6
21. a5 Nc8 22. Bc5 Rd8 23. Bf3 Ne7 24. Rd2 Rac8 25. Bb6 Rd6 26. Rad1 Kf8 27.
Kf1 g6 28. h3 h5 29. g4 hxg4 30. hxg4 Bg5 31. Rd3 f5 32. b4 Kg7 33. Bc5 Rd7 34.
gxf5 gxf5 35. Bxd5 Rcd8 36. Bc4 Rxd3 37. Rxd3 Rxd3 38. Bxd3 Kf7 39. Be2 Bd2 40.
Bf3 Nc6 41. b5 axb5 42. Bxc6 Bxc3 43. Bd5+ Kf6 44. Bb6 Ke5 45. Bxb7 b4 46. Ke2
1-0

[Event "XXX Memorial Edoardo Crespi A"]
[Site "Milano ITA"]
[Date "2009.12.11"]
[Round "8"]
[White "Crippa, Gabriele"]
[Black "Massironi, Marco"]
[Result "1/2-1/2"]
[WhiteElo "2092"]
[BlackElo "2149"]
[PlyCount "166"]
[EventDate "2009.12.05"]

1. Nf3 Nf6 2. d4 e6 3. e3 b6 4. Bd3 Bb7 5. Nbd2 d6 6. e4 Be7 7. O-O O-O 8. Qe2
c5 9. Qe3 cxd4 10. Nxd4 g6 11. c3 e5 12. N4f3 Nbd7 13. c4 Nc5 14. Re1 Nh5 15.
Bc2 f5 16. b4 f4 17. Qc3 Ne6 18. Bb2 g5 19. c5 bxc5 20. Bb3 Nhg7 21. bxc5 Rc8
22. Qb4 Rb8 23. cxd6 Bxd6 24. Qc3 Rc8 25. Nc4 Bb8 26. Qb4 Nc5 27. Ncxe5+ Kh8
28. Rad1 Qe7 29. Rd7 a5 30. Qxb7 Qxd7 31. Nxd7 Nxb7 32. Nxf8 Rxf8 33. Nxg5 Nc5
34. Bd5 h6 35. Ba3 hxg5 36. Bxc5 Rc8 37. Bd4 Kh7 38. h3 Ne8 39. Rb1 Bd6 40. Be6
Rd8 41. Bf5+ Kg8 42. e5 Bb4 43. Bb6 Rd2 44. a3 Bxa3 45. Bxa5 Re2 46. Re1 Rxe1+
47. Bxe1 Bb2 48. Bd7 Nc7 49. e6 Kg7 50. Bb4 Kf6 51. Kf1 Nxe6 52. Bxe6 Kxe6 53.
Ke2 Kf5 54. f3 Bf6 55. Kd3 Bd8 56. Kd4 Bf6+ 57. Kd5 Bd8 58. Kd6 Bf6 59. Bc5
Be5+ 60. Kd7 Bc3 61. Ke7 Bf6+ 62. Kf7 Be5 63. Be7 Bd4 64. Kg8 Kg6 65. Bd8 Be5
66. h4 gxh4 67. Bxh4 Kh5 68. Bf2 Kg6 69. Kf8 Kf5 70. Ke7 Bb8 71. Kd7 Be5 72.
Kc6 Bb8 73. Kd5 Be5 74. Bd4 Bc7 75. Bc5 Bd8 76. Bd6 Ba5 77. Kd4 Bb6+ 78. Kd3
Bd8 79. Bb8 Bb6 80. Ke2 Bd4 81. Kd3 Bb6 82. g4+ fxg3 83. Bxg3 Bd8 1/2-1/2

[Event "XXX Memorial Edoardo Crespi A"]
[Site "Milano ITA"]
[Date "2009.12.11"]
[Round "8"]
[White "David, Alberto"]
[Black "Drazic, Sinisa"]
[Result "0-1"]
[WhiteElo "2593"]
[BlackElo "2519"]
[PlyCount "100"]
[EventDate "2009.12.05"]

1. d4 f5 2. g3 Nf6 3. Bg2 e6 4. Nd2 d5 5. c4 c6 6. Nh3 Bd6 7. Qc2 O-O 8. Nf3
Bd7 9. O-O Be8 10. Nf4 Bf7 11. Nd3 Nbd7 12. Bf4 Bxf4 13. Nxf4 dxc4 14. Ng5 Qe7
15. Nxf7 Qxf7 16. Qxc4 e5 17. Qxf7+ Kxf7 18. dxe5 Nxe5 19. Rfd1 a5 20. Rd4 Rfd8
21. Rad1 Rxd4 22. Rxd4 Ke7 23. Kf1 Ra6 24. Nd3 Nxd3 25. Rxd3 Rb6 26. b3 a4 27.
Ke1 axb3 28. axb3 Ra6 29. Rd1 Ra2 30. Rb1 Ke6 31. b4 Ne4 32. Bxe4 fxe4 33. Rd1
Rb2 34. Rd4 Ke5 35. Rd7 Rxb4 36. Rxg7 Kd4 37. Rxh7 Rb1+ 38. Kd2 Rb2+ 39. Ke1
Kc3 40. Kf1 c5 41. h4 c4 42. h5 Rb6 43. Rg7 Kd2 44. Rd7+ Kc2 45. g4 c3 46. h6
Rxh6 47. Rxb7 Rd6 48. Kg2 Kd2 49. Rc7 c2 50. Kg3 Rd3+ 0-1

[Event "XXX Memorial Edoardo Crespi A"]
[Site "Milano ITA"]
[Date "2009.12.11"]
[Round "8"]
[White "Dvirnyy, Danyyil"]
[Black "Gori, Andrea"]
[Result "1-0"]
[WhiteElo "2461"]
[BlackElo "2182"]
[PlyCount "57"]
[EventDate "2009.12.05"]

1. e4 e5 2. Nf3 Nc6 3. Bb5 a6 4. Ba4 Nf6 5. O-O Be7 6. Re1 b5 7. Bb3 O-O 8. c3
d5 9. exd5 Nxd5 10. Nxe5 Nxe5 11. Rxe5 c6 12. Re1 Bd6 13. g3 Qd7 14. d3 Qh3 15.
Re4 Nf6 16. Rh4 Qf5 17. Nd2 g5 18. Rh6 Ng4 19. Ne4 Nxh6 20. Nxd6 Qh3 21. Qe2
Be6 22. Bxg5 Bxb3 23. axb3 Nf5 24. Ne4 h6 25. Nf6+ Kg7 26. Nh5+ Kh7 27. Nf4
Rfe8 28. Qf3 hxg5 29. Nxh3 1-0

[Event "XXX Memorial Edoardo Crespi A"]
[Site "Milano ITA"]
[Date "2009.12.11"]
[Round "8"]
[White "Facchetti, Gianni"]
[Black "Battistella, Stefano"]
[Result "1-0"]
[WhiteElo "2162"]
[BlackElo "2114"]
[PlyCount "127"]
[EventDate "2009.12.05"]

1. e4 c5 2. Nf3 Nc6 3. Bb5 e6 4. Bxc6 bxc6 5. O-O Ne7 6. Re1 Ng6 7. d3 e5 8.
Be3 Be7 9. Nbd2 O-O 10. c4 d6 11. Nf1 f5 12. exf5 Bxf5 13. Qc2 Bg4 14. N3d2 Nf4
15. Bxf4 Rxf4 16. f3 Bh5 17. Ng3 Bg6 18. Nde4 Rb8 19. b3 d5 20. Nf2 Bd6 21. Qd2
Bc7 22. Qe2 Qd7 23. Rac1 Rbf8 24. Rcd1 Ba5 25. Rf1 Bc3 26. Qc2 Bd4 27. Ne2 Be3
28. Nxf4 Rxf4 29. Qe2 Bd4 30. Kh1 Bh5 31. Nh3 Rf6 32. Ng1 g5 33. Qd2 h6 34. Ne2
Kg7 35. Nxd4 cxd4 36. Rde1 Re6 37. Qf2 Bg6 38. Rd1 Qe7 39. Rfe1 Bh5 40. cxd5
cxd5 41. Rc1 Bg6 42. Red1 h5 43. Rc2 Kh6 44. Qd2 h4 45. h3 Qd7 46. Qb4 Re8 47.
Qc5 e4 48. dxe4 dxe4 49. Rxd4 Qf7 50. Qc4 Qf6 51. fxe4 Rc8 52. Qxc8 Qf1+ 53.
Kh2 Qf4+ 54. Kg1 Qe3+ 55. Kf1 Qxd4 56. Qf8+ Kh5 57. Qf3+ Kh6 58. Re2 Bh5 59.
Qf8+ Kh7 60. Re1 Bg6 61. Qf3 Kh6 62. Qe3 Qe5 63. Qxa7 Bxe4 64. Qa6+ 1-0

[Event "XXX Memorial Edoardo Crespi A"]
[Site "Milano ITA"]
[Date "2009.12.11"]
[Round "8"]
[White "Feuerstack, Aljoscha"]
[Black "Foisor, Cristina-Adela"]
[Result "1-0"]
[WhiteElo "2373"]
[BlackElo "2440"]
[PlyCount "103"]
[EventDate "2009.12.05"]

1. e4 g6 2. d4 d6 3. Nc3 Bg7 4. Bg5 a6 5. f4 b5 6. Nf3 Bb7 7. Bd3 Nd7 8. O-O c5
9. e5 cxd4 10. Ne4 Qb6 11. exd6 f5 12. Ned2 Qxd6 13. a4 b4 14. Nc4 Qc7 15. Qe2
Nc5 16. Nce5 Nxd3 17. cxd3 Rd8 18. Rac1 Qb6 19. Rfe1 Bd5 20. Nc6 Bxc6 21. Bxe7
Be4 22. Bxd8 Kxd8 23. dxe4 d3+ 24. Qe3 Qxe3+ 25. Rxe3 fxe4 26. Rxe4 Bxb2 27.
Rd1 Bc3 28. Rxd3+ Kc7 29. Re6 Nf6 30. Ne5 Rf8 31. Rxa6 g5 32. fxg5 Bxe5 33.
gxf6 Bxf6 34. Rf3 Bd4+ 35. Kf1 Rd8 36. Rf7+ Kb8 37. Ra5 Bc3 38. Rb5+ Ka8 39.
Rxh7 Rf8+ 40. Ke2 Re8+ 41. Kd3 Rd8+ 42. Kc4 Rc8+ 43. Kb3 Bd2 44. Rxb4 Bxb4 45.
Kxb4 Rb8+ 46. Ka3 Rb1 47. g4 Ra1+ 48. Kb4 Rb1+ 49. Kc5 Rc1+ 50. Kd5 Ra1 51. g5
Rxa4 52. g6 1-0

[Event "XXX Memorial Edoardo Crespi A"]
[Site "Milano ITA"]
[Date "2009.12.11"]
[Round "8"]
[White "Foisor, Ovidiu-Doru"]
[Black "Pace, Pietro Dario"]
[Result "1-0"]
[WhiteElo "2420"]
[BlackElo "2204"]
[PlyCount "59"]
[EventDate "2009.12.05"]

1. d4 d5 2. c4 c6 3. cxd5 cxd5 4. Nc3 Nf6 5. Bf4 Nc6 6. e3 a6 7. Bd3 e6 8. Nf3
Bd6 9. Bg3 O-O 10. Rc1 Bxg3 11. hxg3 Qd6 12. g4 g6 13. g5 Ne8 14. a3 e5 15.
dxe5 Nxe5 16. Be2 Be6 17. Qd4 Ng4 18. Rd1 Rd8 19. e4 Ng7 20. exd5 Bf5 21. Rh4
Qd7 22. Rxg4 Bxg4 23. Ne5 Qf5 24. Bxg4 Qxg5 25. Ne4 Qh4 26. g3 Qh1+ 27. Ke2 Qh2
28. Nf6+ Kh8 29. Qe4 Rfe8 30. Nxf7# 1-0

[Event "XXX Memorial Edoardo Crespi A"]
[Site "Milano ITA"]
[Date "2009.12.11"]
[Round "8"]
[White "Garano, Nicola"]
[Black "Sullolari, Saip"]
[Result "1-0"]
[WhiteElo "2189"]
[BlackElo "2106"]
[PlyCount "90"]
[EventDate "2009.12.05"]

1. e4 c5 2. Nf3 d6 3. d4 cxd4 4. Nxd4 Nf6 5. Nc3 a6 6. Be3 e6 7. Be2 Be7 8. O-O
Qc7 9. f4 O-O 10. Kh1 b5 11. Bf3 Bb7 12. a3 Nbd7 13. Qe1 Nc5 14. e5 dxe5 15.
fxe5 Nd5 16. Nxd5 exd5 17. Nf5 Ne4 18. Bxe4 dxe4 19. Bh6 g6 20. Nxe7+ Qxe7 21.
Bxf8 Rxf8 22. Qg3 Re8 23. Qf4 Bd5 24. e6 Qxe6 25. Qe3 Rc8 26. Rf2 Kg7 27. Rd1
Bc6 28. Rd4 f5 29. Kg1 Rf8 30. g3 Qe5 31. h4 h6 32. c4 Kh7 33. c5 Rf7 34. b4
Bd5 35. Rfd2 Be6 36. c6 Qc7 37. Rd6 Bc4 38. R2d4 a5 39. bxa5 Qxa5 40. Rd7 Qb6
41. c7 Qc6 42. R4d6 Qb7 43. Rxf7+ Bxf7 44. Rd7 Qc6 45. Rxf7+ Kg8 1-0

[Event "XXX Memorial Edoardo Crespi A"]
[Site "Milano ITA"]
[Date "2009.12.11"]
[Round "8"]
[White "Genocchio, Daniele"]
[Black "Lazic, Miroljub"]
[Result "1/2-1/2"]
[WhiteElo "2464"]
[BlackElo "2454"]
[PlyCount "26"]
[EventDate "2009.12.05"]

1. e4 e5 2. Nf3 Nc6 3. d4 exd4 4. Nxd4 Bb4+ 5. c3 Bc5 6. Be3 Bb6 7. Nf5 Bxe3 8.
Nxe3 Nf6 9. f3 O-O 10. c4 d6 11. Nc3 Be6 12. Qd2 Nd7 13. Be2 Nc5 1/2-1/2